000 00745nam a2200289Ia 4500
005 20260324132359.0
008 008 260324s9999 xx 000 0 eng d
020 _a9781315235899
037 _aEBOOK
040 _aCRL
040 _beng
040 _cCRL
041 _2eng
041 _aeng
084 _qCRL
100 _aDouglas Gwyn; Rachel Muers; Brian Phillips; Pink Dandelion
_91189063
245 0 _aTowards Tragedy/Reclaiming Hope
245 0 _bLiterature, Theology and Sociology in Conversation
260 _bTaylor and Francis
260 _c2004
365 _a
365 _b145
856 _uhttp://www.taylorfrancis.com/books/9781315235899
942 _cEBOOK
999 _c1787131
_d1787131